000 00660nam a22002297a 4500
003 IT-MiCISF
005 20230317144233.0
008 170310b xxu||||| |||| 00| 0 eng d
040 _aIT-MiCISF
_cIT-MiCISF
041 _ait
100 _aCarradore Marco
_956292
222 _a15912027
245 _aLa partecipazione associativa in Italia: un confronto tra diverse surveys
250 _a"Sociologia e politiche sociali", n. 2
260 _c2016
300 _app. 87-114
310 _aquadrimestrale
500 _asocietà, associazionismo, capitale-sociale, volontariato
650 _asocietà
_956109
654 _aarticolo
942 _2ddc
_cCR
999 _c336520
_d336520